000 00494nam a2200181 a 4500
001 6632
003 CO-ViMGA
008 141112s2004 ck r 000 u spa d
040 _aCO-ViMGA
_bspa
_cCO-ViMGA
082 0 4 _a647.94 M657
100 1 _aMontaño Sánchez, Josefina
_95507
245 1 0 _aAdministración de riesgos en hotelería
260 _aMexico :
_bTrillas,
_c1995
300 _a191 p : il
490 _aTrillas turismo
650 1 4 _aHOTELES - ADMINISTRACION
_95508
942 _2ddc
_cBK
999 _c18601
_d18601